000 00658nam a22002417a 4500
003 UA-OsUOA
001 100324
007 ta
008 20130527b un ||||| |||| 00| 0 ukr d
100 _aЧапек К.
090 _a821.162.3
_bЧ-19
942 _cBK
040 _aUA-OsUOA
_brus
_cUA-OsUOA
_dUA-OsUOA
245 _aРассказы
300 _a301 с.
_bІлюстрації
955 _a3
041 _arus
080 _a821.162.3
260 _aЛенинград
_bХудожественная литература
_c1953
044 _aRU
650 7 _a82 Література. Літературознавство
_2UDC
999 _c386562
_d386562